000 00539nam a2200205Ia 4500
005 20250508162006.0
008 008 250505s9999 xx 000 0 eng d
020 _a0-333-19811-5
037 _aTextual
040 _aFEDL
_beng
_cFEDL
041 _aeng
_2eng
084 _a301.1, HOL
_qFEDL
100 _aHolland Ray
245 0 _aSelf and social context
260 _aLondon, UK
_bThe Macmillan Press Ltd.
_c1977
300 _a303p
650 _aSociology
942 _cTEXL
_h301.1, HOL
999 _c1373698
_d1373698